<?xml version="1.0" encoding="UTF-8"?>
<collection xmlns="http://www.loc.gov/MARC21/slim">
  <record>
    <leader>00000nam  2200000   4500</leader>
    <controlfield tag="001">INLIS000000000003465</controlfield>
    <controlfield tag="005">20181113105657</controlfield>
    <datafield tag="035" ind1="#" ind2="#">
      <subfield code="a">0010-1118000005</subfield>
    </datafield>
    <controlfield tag="007">ta</controlfield>
    <controlfield tag="008">181113################|##########|#|##</controlfield>
    <datafield tag="082" ind1="#" ind2="#">
      <subfield code="a">R 01 PIM I 2018</subfield>
    </datafield>
    <datafield tag="084" ind1="#" ind2="#">
      <subfield code="a">R 01 PIM I 2018</subfield>
    </datafield>
    <datafield tag="100" ind1=" " ind2="#">
      <subfield code="a">Desi Pratiwi</subfield>
    </datafield>
    <datafield tag="245" ind1="1" ind2="#">
      <subfield code="a">Peran serta aktif kelompok profesi dalam peningkatan efektifitas penyelenggaraan sistem dan jaringan informasi kearsipan nasional (SIKN dan JIKN) /</subfield>
      <subfield code="c">Desi Pratiwi</subfield>
    </datafield>
    <datafield tag="260" ind1="#" ind2="#">
      <subfield code="a">Jakarta :</subfield>
      <subfield code="b">LAN JAKARTA,</subfield>
      <subfield code="c">2018</subfield>
    </datafield>
    <datafield tag="300" ind1="#" ind2="#">
      <subfield code="a">57 hlm. :</subfield>
      <subfield code="b">ilus. ;</subfield>
      <subfield code="c">30 cm.</subfield>
    </datafield>
    <datafield tag="650" ind1="#" ind2="#">
      <subfield code="a">Jaringan Informasi Kearsipan</subfield>
    </datafield>
    <datafield tag="990" ind1="#" ind2="#">
      <subfield code="a">180801</subfield>
    </datafield>
    <datafield tag="990" ind1="#" ind2="#">
      <subfield code="a">180801</subfield>
    </datafield>
  </record>
</collection>
